Splatoon 3 Salmon Run quiz - Statistics

General Stats
  • This quiz has been taken 161 times
  • The average score is 16 of 22
Answer Stats
Hint Answer % Correct
Tiny salmonid with spoon smallfry
94%
Big salmonid with big frying pan cohock
91%
A grill like salmonid that targets players griller
88%
Special mode where Grillers spawn griller
88%
Golden salmonid that drops golden eggs when attacked goldie
87%
Giant flying machine that releases chinhooks mothership
85%
Special mode where a mothership spawns mothership
85%
Long salmonid with weak point on tail steel eel
84%
Medium salmonid with frying pan chum
83%
Big salmonid who hides underground and pops up and eats players maw
83%
Salmonid with steel armor and hurls bombs from his head steelhead
80%
Salmonid with a flying machine that shoots tenta missiles flyfish
79%
Salmonid on a tower of pots and pan and snipes players stinger
75%
Special mode where the map turns foggy fog
72%
Humongous boss salmonid cohozuna
71%
Salmonid riding a shielded car-like thing scrapper
71%
Salmonid with an umbrella and shoots missiles drizzler
70%
Salmonid on a hovercraft thing that steals golden eggs snatcher
62%
Giant eel-like salmonid boss horrorboros
57%
Salmonids that fly around with boxes that drop golden eggs chinhooks
35%
Special mode where you use cannons to defeat a horde of cohocks cohock charge
30%
Special mode where goldies spawn goldie seeking
23%
No matching quizzes found
Score Distribution
Percent of People with Each Score
Percentile by Number Answered
Your Score History
You have not taken this quiz